| 000 | 01062nam0a22002411i 4500 | ||
|---|---|---|---|
| 001 | rc\3179308 | ||
| 005 | 20240723185921.0 | ||
| 021 |
_aRU _b[75-20378а] |
||
| 035 | _a(NLR Aleph) 007333251 | ||
| 090 |
_a6031687 _c6031687 |
||
| 100 | _a20120628d1975 |||y0rusy50 ca | ||
| 101 | 0 | _arus | |
| 102 | _aRU | ||
| 105 | _ay d ||||| | ||
| 200 | 1 |
_aСовершенствование организации оперативного учета в управлении производством _e(На примере подразделений предприятий металлург. пром-сти) _eАвтореф. дис. на соиск. учен. степени канд. экон. наук _e(08.00.05) _fАН УССР. Ин-т экономики пром-сти |
|
| 210 |
_aДонецк _d1975 |
||
| 215 | _a25 с. | ||
| 320 | _aСписок работ авт.: с. 23-24 (12 назв.) | ||
| 700 | 1 |
_aМарюта _bТ.З. _gТамара Захаровна |
|
| 801 | 0 |
_aRU _bNLR _gpsbo |
|
| 801 | 1 |
_aRU _bELAR _2rusmarc |
|
| 852 |
_aNLR _j76-4/2632 |
||
| 942 | _cBOOK | ||